Egyptian phyles in the old kingdom : the evolution of a system of social organization /

محفوظ في:

المؤلف الرئيسي: Roth, Ann Macy, 1954- (مؤلف)

مؤلف مشترك: University of Chicago. Oriental Institute.

التنسيق: كتاب

اللغة: English

منشور في: Chicago, Ill. : The Oriental Institute of the University of Chicago, 1991.

سلاسل: Studies in Ancient Oriental Civilization ; 48.
SAOC ; 48.

الموضوعات:

الوسوم: إضافة وسم

لا توجد وسوم, كن أول من يضع وسما على هذه التسجيلة!

رقم الطلب: DS57 .C5 v.48

LEADER 01098namaa2200301 4500
001 1277
003 OSt
005 20260312091343.0
008 130303s1991 ilua b 001 0 eng d
020 |a 0918986680 
035 |a tmp00547435 
040 |c ARCE Library 
043 |a f-ua--- 
050 4 |a DS57 .C5 v.48 
100 1 |a Roth, Ann Macy,   |d 1954-,   |e author 
245 1 0 |a Egyptian phyles in the old kingdom :  |b the evolution of a system of social organization /  |c Ann Macy Roth. 
264 1 |a Chicago, Ill. :   |b The Oriental Institute of the University of Chicago,   |c 1991. 
300 |a xxvi, 243 pages :  |b illustrations ;  |c 27 cm. 
490 0 |a Studies in Ancient Oriental Civilization ;   |v 48. 
490 0 |a SAOC ;   |v 48. 
500 |a Based on the author's thesis (Ph.D.--University of Chicago, 1985). 
504 |a Includes bibliographical references (pages xix-xxvi) and indexes. 
650 0 |a Social structure  |z Egypt  |x History. 
651 0 |a Egypt  |x Civilization  |y To 332 B.C. 
710 2 |a University of Chicago.  |b Oriental Institute. 
901 |a reviewed 
942 |c BK  |2 lcc 
999 |c 1641  |d 1641